1327 1010 1825 1303 1385 1702 1959 1547 1828 1290 1840 1481 1896 1626 1174 1816 1638 1520 1658 1644 1079 1667 1616 1042 1342 1558 1153 1170 1897 1008 1232 1574 1651 1332 1917 1351 1322 1034 1231 1381 1409 1756 1977 1612 1723 1945 1445 1826 1612 1405 1134 1524 1774 1394 1635 1579 1714 1607 1260 1564 1840 1938 1027 1381 1922 1167 1542 1513 1249 1321 1683 1929 1233 1087 1756 1477 1160 1881 1178 1827 1047 1156 1685 1905 1577 1819 1125 1658 1284 1853 1397 1635 1744 1746 1777 1021 1565 1413 1848 BCNSPRNW ULIB Ver.6.0+V

เปลี่ยนเป็นภาษาไทย

Change to English
 แสดงรายละเอียดบรรณานุกรม
  กลับหน้าหลัก

Brief Record : Get Marc (ISO 2709) : E-mail record : QR code < ปิดหน้าต่าง
LEADER : 00000nam 2200000uu 4500
001    13399124513
003     ULIB
008    150818s2553 th a 000 0 tha d
020    9789748368955
090    นว.^bป553ด
100    กิ่งฉัตร
245    ดั่งไฟใต้น้ำ/^cกิ่งฉัตร
250    พิมพ์ครั้งที่ 9
260    กรุงเทพฯ :^bอรุณ,^c2553
300    439 หน้า;^b18.5 ซม.
500    นวนิยายลำดับที่ 2
710    อรุณ
945    ^p230^l0^i23105
999    ^aทศพร เกษรทอง
รายการนี้ยังไม่มีแท็ก
คุณยังไม่ได้ล็อกอิน คุณสามารถมีกิจกรรมร่วมกับเว็บไซต์ได้ แต่ต้องล็อกอินก่อน ::
  ล็อกอิน

รายการสื่อสารสนเทศ

ลำดับที่ ประเภท เลขเรียก/บาร์โค้ด สถานที่ สถานะ
1. นวนิยาย
นวนิยาย
นว. ป553ด ฉ.1 
  Barcode: 23105
ห้องสมุดวิทยาเขตนครสวรรค์
►นวนิยาย:l:Fiction
บนชั้น

รายการใกล้เคียง
    ผู้แต่ง [กิ่งฉัตร]

BibComment


ยังไม่เคยถูกคอมเมนท์

คอมเมนท์ทรัพยากรรายการนี้
  คอมเมนท์: ดั่งไฟใต้น้ำ กิ่ง..


 Copyright 2026. Bcnsprnw @Library